Κατάλογος Βιβλιοθηκών Mediterranean College

Engineering / Electrical Engineering: Book 2 (Record no. 4234)

MARC details
000 -LEADER
fixed length control field 01060cam a22001694a 4500
005 - ΗΜΕΡΟΜΗΝΙΑ ΚΑΙ ΩΡΑ ΤΕΛΕΥΤΑΙΑΣ ΕΝΗΜΕΡΩΣΗΣ
Πεδίο ελέγχου 20250605163426.0
008 - FIXED-LENGTH DATA ELEMENTS--GENERAL INFORMATION
Πεδίο ελέγχου σταθερού μήκους 250528s ||||||||||||||||||||||||d
035 ## - SYSTEM CONTROL NUMBER
System control number 18936
040 ## - ΠΗΓΗ ΚΑΤΑΛΟΓΟΓΡΑΦΗΣΗΣ
Φορέας πρωτότυπης καταλογογράφησης MC Athens Campus Library
Γλώσσα καταλογογράφησης Ελληνικά, Μοντέρνα (1453-)
Modifying agency MC Athens Campus Library
Κανόνες περιγραφικής καταλογογράφησης AACR2
245 1# - ΤΙΤΛΟΣ ΚΑΙ ΔΗΛΩΣΗ ΥΠΕΥΘΥΝΟΤΗΤΑΣ
Τίτλος Engineering / Electrical Engineering: Book 2
260 ## - PUBLICATION, DISTRIBUTION, ETC.
Name of publisher, distributor, etc. Collier Macmillan International, Inc
-- English Language Service Inc,
Date of publication, distribution, etc. 1966
300 ## - PHYSICAL DESCRIPTION
Extent 104
520 ## - SUMMARY, ETC.
Summary, etc. A series providing second language instruction for students with specialized interests, within a program that includes basic courses; supplementary readers; practice, reference and remedial material; and pre-recorded tapes. Electrical Fundamentals, Circuit Elements, The MKS System of Units, Modulations, Amplifier Design, Negative Resistance, Resonance, Transistor Parameters, Transistor Oscillator Design, Blocking Oscillator Design, D.C. Generator, Television Receivers, Electrical Measurements, Antennas, Radar, Digital Computers, Radio Navigation Aids, Key to Check-Ups, Appendix, Glossary.
942 ## - ADDED ENTRY ELEMENTS (KOHA)
Koha item type Books
Holdings
Τύπος τεκμηρίου Βιβλιοθήκη Τρέχουσα τοποθεσία Barcode Αριθμός εισαγωγής Ημερομηνία απόκτησης Ταξιθετικό σύμβολο Αριθμός αντιτύπου Κατάσταση απόσυρσης Κατάσταση χαμένου Κατάσταση κατεστραμμένου Μη δανεισμός Σύνολο δανεισμών Ημερομηνία τελευταίας εμφάνισης Η τιμή ισχύει από
Books MC Athens Campus Library MC Athens Campus Library 9780000042330 3869 05/06/2025 428.2/4/0246 ELS 1           05/06/2025 05/06/2025

MC Athens Campus Library
Πατησίων 94 & Κοδριγκτώνος 13, 104 34
Πελλήνης 8 & Πατησίων 107, 112 51
Τ: +30 210 8899600

MC Thessaloniki Campus Library
Ίωνος Δραγούμη 21, 54625 | Ίωνος Δραγούμη 15, 54625
Τ: +30 2310 287779 – Τ: +30 2314 440300